|
|
|
|
| LEADER |
00674nta a2200169 i 4500 |
| 001 |
dipl2328 |
| 005 |
20130314071258.0 |
| 008 |
110413s2002 hu om 0|| hun d |
| 040 |
|
|
|a SZTE Diploma Repozitórium
|b hun
|
| 041 |
|
|
|a hun
|
| 100 |
1 |
|
|a Lóki Gábor
|
| 245 |
1 |
0 |
|a Eshop – Elektronikus kereskedelmi rendszer. Alkalmazásfejlesztés ODBC-vel
|h [elektronikus dokumentum] /
|c Gábor Lóki
|
| 260 |
|
|
|c 2002
|
| 650 |
|
4 |
|a Informatika
|
| 700 |
1 |
|
|a Alexin Zoltán
|e ths
|
| 856 |
4 |
0 |
|u http://diploma.bibl.u-szeged.hu/id/eprint/2328/1/2002_loki_gabor_02_99.pdf
|z Dokumentum-elérés
|
| 856 |
4 |
0 |
|u http://diploma.bibl.u-szeged.hu/id/eprint/2328/2/2002_loki_gabor_02_99.tgz
|z Dokumentum-elérés
|